Thagbaa Ulfe Pha /. (Record no. 39990)
[ view plain ]
| 000 -LEADER | |
|---|---|
| fixed length control field | 00721nam a22002171a 4500 |
| 003 - CONTROL NUMBER IDENTIFIER | |
| control field | OSt |
| 005 - DATE AND TIME OF LATEST TRANSACTION | |
| control field | 20110718133135.0 |
| 008 - FIXED-LENGTH DATA ELEMENTS--GENERAL INFORMATION | |
| fixed length control field | 091005s1984 001 0 eng d |
| 020 ## - INTERNATIONAL STANDARD BOOK NUMBER | |
| International Standard Book Number | 9966408142 : |
| Terms of availability | 0.00 |
| 040 ## - CATALOGING SOURCE | |
| Original cataloging agency | NEGST Library - Kenya |
| Language of cataloging | DLC |
| Transcribing agency | DLC |
| Modifying agency | DLC |
| 050 #4 - LIBRARY OF CONGRESS CALL NUMBER | |
| Classification number | REF BS 325.L63 1984 |
| 100 1# - MAIN ENTRY--PERSONAL NAME | |
| Personal name | Alliance Biblique du Burkina Faso. |
| 9 (RLIN) | 8072 |
| 245 10 - TITLE STATEMENT | |
| Title | Thagbaa Ulfe Pha /. |
| 260 ## - PUBLICATION, DISTRIBUTION, ETC. (IMPRINT) | |
| Place of publication, distribution, etc | Ouagadougou : |
| Name of publisher, distributor, etc | Alliance Biblique du Bur, |
| Date of publication, distribution, etc | 1984. |
| 300 ## - PHYSICAL DESCRIPTION | |
| Extent | 544 p. : ill., m. |
| 500 ## - GENERAL NOTE | |
| General note | "Le Nouveau Testament en Lobiire." - T.p. verso. [Africana] |
| 600 10 - SUBJECT ADDED ENTRY--PERSONAL NAME | |
| Personal name | Bible. N.T. Lobiri. 1984. |
| 9 (RLIN) | 8073 |
| 600 10 - SUBJECT ADDED ENTRY--PERSONAL NAME | |
| Personal name | Lobiri language - Texts. |
| 9 (RLIN) | 8074 |
| 942 ## - ADDED ENTRY ELEMENTS (KOHA) | |
| Source of classification or shelving scheme | Library of Congress Classification |
| Koha item type | Books |
| Withdrawn status | Lost status | Source of classification or shelving scheme | Damaged status | Not for loan | Collection code | Home library | Current library | Shelving location | Date acquired | Source of acquisition | Cost, normal purchase price | Total Checkouts | Full call number | Barcode | Date last seen | Price effective from | Koha item type |
|---|---|---|---|---|---|---|---|---|---|---|---|---|---|---|---|---|---|
| Library of Congress Classification | Reference | AIU/NEGST - Tony Wilmot Memorial Library | AIU/NEGST - Tony Wilmot Memorial Library | Reference | 10/05/2009 | donation | 4.50 | REF BS 325.L63 1984 | R41610K3232 | 09/26/2019 | 10/05/2009 | Reference |
